MARC details
| 000 -LEADER |
| fixed length control field |
01855fam a2200361 a 4500 |
| 001 - CONTROL NUMBER |
| control field |
1703147 |
| 003 - CONTROL NUMBER IDENTIFIER |
| control field |
ARRUPE |
| 005 - DATE AND TIME OF LATEST TRANSACTION |
| control field |
20150113120511.0 |
| 008 - FIXED-LENGTH DATA ELEMENTS--GENERAL INFORMATION |
| fixed length control field |
941129s1995 enk b 001 0 eng |
| 010 ## - LIBRARY OF CONGRESS CONTROL NUMBER |
| LC control number |
94047944 |
| 020 ## - INTERNATIONAL STANDARD BOOK NUMBER |
| International Standard Book Number |
1557865701 |
| 020 ## - INTERNATIONAL STANDARD BOOK NUMBER |
| International Standard Book Number |
155786571X |
| 035 ## - SYSTEM CONTROL NUMBER |
| System control number |
(OCoLC)31737373 |
| 035 ## - SYSTEM CONTROL NUMBER |
| System control number |
(OCoLC)ocm31737373 |
| 035 ## - SYSTEM CONTROL NUMBER |
| System control number |
(NNC)1703147 |
| 040 ## - CATALOGING SOURCE |
| Original cataloging agency |
DLC |
| Transcribing agency |
DLC |
| Modifying agency |
NNC |
| -- |
OrLoB |
| 050 00 - LIBRARY OF CONGRESS CALL NUMBER |
| Classification number |
PN75.L8 |
| Item number |
L85 1995 |
| 082 00 - DEWEY DECIMAL CLASSIFICATION NUMBER |
| Classification number |
199/.439 |
| Edition number |
20 |
| 300 ## - PHYSICAL DESCRIPTION |
| Dimensions |
24 cm. |
| 245 04 - TITLE STATEMENT |
| Title |
The Lukacs reader / |
| Statement of responsibility, etc |
edited by Arpad Kadarkay. |
| 260 ## - PUBLICATION, DISTRIBUTION, ETC. (IMPRINT) |
| Place of publication, distribution, etc |
Oxford ; |
| -- |
Cambridge, Mass., USA : |
| Name of publisher, distributor, etc |
Blackwell Publishers, |
| Date of publication, distribution, etc |
1995. |
| 263 ## - PROJECTED PUBLICATION DATE |
| Projected publication date |
9509 |
| 300 ## - PHYSICAL DESCRIPTION |
| Extent |
viii, 292 p. ; |
| 504 ## - BIBLIOGRAPHY, ETC. NOTE |
| Bibliography, etc |
Includes bibliographical references (p. [283]-285) and index. |
| 505 00 - FORMATTED CONTENTS NOTE |
| Miscellaneous information |
Pt. I. |
| Title |
Essays in Autobiography. |
| Miscellaneous information |
1. |
| Title |
Soren Kierkegaard and Regine Olsen. |
| Miscellaneous information |
2. |
| Title |
Diary (1910-1911). |
| Miscellaneous information |
3. |
| Title |
On Poverty of Spirit. |
| Miscellaneous information |
4. |
| Title |
My Socratic Mask -- |
| Miscellaneous information |
Pt. II. |
| Title |
Drama and Tragedy. |
| Miscellaneous information |
5. |
| Title |
Shakespeare and Modern Drama. |
| Miscellaneous information |
6. |
| Title |
John Ford. |
| Miscellaneous information |
7. |
| Title |
August Strindberg. |
| Miscellaneous information |
8. |
| Title |
Thoughts on Henrik Ibsen. |
| Miscellaneous information |
9. |
| Title |
Peer Gynt. |
| Miscellaneous information |
10. |
| Title |
Oscar Wilde. |
| Miscellaneous information |
11. |
| Title |
Bernard Shaw -- |
| Miscellaneous information |
Pt. III. |
| Title |
Art and Literature. |
| Miscellaneous information |
12. |
| Title |
Aesthetic Culture. |
| Miscellaneous information |
13. |
| Title |
Paul Gauguin. |
| Miscellaneous information |
14. |
| Title |
The Parting of the Ways. |
| Miscellaneous information |
15. |
| Title |
Stavrogin's Confession. |
| Miscellaneous information |
16. |
| Title |
Integrated Civilizations. |
| Miscellaneous information |
17. |
| Title |
The Ideology of Modernism -- |
| Miscellaneous information |
Pt. IV. |
| Title |
Philosophy and Politics. |
| Miscellaneous information |
18. |
| Title |
Bolshevism as an Ethical Problem. |
| Miscellaneous information |
19. |
| Title |
Class Consciousness. |
| Miscellaneous information |
20. |
| Title |
Friedrich Nietzsche. |
| Miscellaneous information |
21. |
| Title |
Martin Heidegger. |
| 600 10 - SUBJECT ADDED ENTRY--PERSONAL NAME |
| Personal name |
Lukács, György, |
| Dates associated with a name |
1885-1971 |
| General subdivision |
Contributions in criticism. |
| 9 (RLIN) |
13770 |
| 600 10 - SUBJECT ADDED ENTRY--PERSONAL NAME |
| Personal name |
Lukács, György, |
| Dates associated with a name |
1885-1971 |
| General subdivision |
Aesthetics. |
| 9 (RLIN) |
13771 |
| 600 10 - SUBJECT ADDED ENTRY--PERSONAL NAME |
| Personal name |
Lukács, György, |
| Dates associated with a name |
1885-1971. |
| 9 (RLIN) |
13753 |
| 650 #0 - SUBJECT ADDED ENTRY--TOPICAL TERM |
| Topical term or geographic name as entry element |
Marxist criticism. |
| 9 (RLIN) |
13772 |
| 650 #0 - SUBJECT ADDED ENTRY--TOPICAL TERM |
| Topical term or geographic name as entry element |
Aesthetics, Modern |
| Chronological subdivision |
20th century. |
| 9 (RLIN) |
13773 |
| 700 1# - ADDED ENTRY--PERSONAL NAME |
| Personal name |
Kadarkay, Arpad, |
| Dates associated with a name |
1934- |
| 9 (RLIN) |
13774 |
| 900 ## - EQUIVALENCE OR CROSS-REFERENCE-PERSONAL NAME [LOCAL, CANADA] |
| Numeration |
TOC |
| 942 ## - ADDED ENTRY ELEMENTS (KOHA) |
| Source of classification or shelving scheme |
Library of Congress Classification |
| Koha item type |
Monograph ( Printed materials) |